00574nam a2200181Ia 450000500170000000800410001702000270005804000190008504100120010408200170011624501060013326000320023930000220027150400340029365000220032770000330034985000100038220240217113916.0131103s9999 xx 000 0 und d a81-250-1429-2cRs. 495 aLoreto College aEnglish a370.954bBHA 4aThe Contested Terrain - b Perspectives on Education in India, cEdited by Sabyasachi Bhattacharya aDelhibOrient Longmanc1998 axiii,446p., 22cm. aIncludes references and index aEducation-India  aBhattacharya, Sabyasachi ed. aLCLIB